[Event "POR-chT 48th"]
[Site "Evora"]
[Date "2006.07.25"]
[Round "4"]
[White "Vitor, Antonio Pedro Caste"]
[Black "Santos, Carlos Pereira Dos"]
[Result "0-1"]
[WhiteElo "2414"]
[BlackElo "2433"]
[PlyCount "66"]
[EventDate "2006.07.22"]
[EventType "team"]
[EventRounds "9"]
[EventCountry "POR"]
[SourceTitle "CBM 113 Extra"]
[Source "ChessBase"]
[SourceDate "2006.09.14"]
[SourceVersion "1"]
[SourceVersionDate "2006.09.14"]
[SourceQuality "1"]

1. b3 e5 2. Bb2 Nc6 3. e3 d5 4. Bb5 Bd6 5. f4 Qh4+ 6. g3 Qe7 7. Nf3 f6 8. Nc3 Be6 9. Qe2 Nh6 10. fxe5 fxe5 11. e4 d4 12. Nd5 Qd8 13. c3 0-0 14. h3 Nf7 15. 0-0-0 Ng5 16. Ng1 a6 17. Bd3 Qd7 18. Qg2 a5 19. a4 h6 20. Rh2 Rf7 21. Rf1 Raf8 22. Rxf7 Qxf7 23. Kc2 Ne7 24. Nxe7+ Bxe7 25. c4 Bd7 26. Qe2 Ne6 27. Rg2 Nc5 28. Ba3 Nxd3 29. Bxe7 Qxe7 30. Qxd3 Qa3 31. g4 Qa2+ 32. Kc1 Qa1+ 33. Kc2 Rf1 0-1

[Event "POR-chT 48th"]
[Site "Evora"]
[Date "2006.07.24"]
[Round "3"]
[White "Santos, Carlos Pereira Dos"]
[Black "Fernandes, Antonio ETG"]
[Result "1/2-1/2"]
[WhiteElo "2433"]
[BlackElo "2457"]
[PlyCount "66"]
[EventDate "2006.07.22"]
[EventType "team"]
[EventRounds "9"]
[EventCountry "POR"]
[SourceTitle "CBM 113 Extra"]
[Source "ChessBase"]
[SourceDate "2006.09.14"]
[SourceVersion "1"]
[SourceVersionDate "2006.09.14"]
[SourceQuality "1"]

1. d4 d5 2. c4 c6 3. Nf3 Nf6 4. Nc3 e6 5. Bg5 dxc4 6. a4 b5 7. axb5 cxb5 8. Nxb5 Qb6 9. Nc3 Qxb2 10. Bd2 Nd5 11. Na4 Qb3 12. e4 Nb4 13. Rc1 Bd7 14. Nc3 Qxd1+ 15. Kxd1 Nd3 16. Bxd3 cxd3 17. Ne5 Nc6 18. Nb5 Rc8 19. Nc4 Rb8 20. Nc7+ Kd8 21. d5 Nd4 22. Ba5 Ba4+ 23. Kd2 Nb3+ 24. Kxd3 Nxa5 25. Nxa5 Bd6 26. Rc4 Bb3 27. Rc3 Bxc7 28. Nxb3 exd5 29. exd5 Be5 30. Nd4 Kd7 31. Ra1 Rb7 32. Rb3 Rxb3+ 33. Ke4 Rb7 1/2-1/2

[Event "POR-chT 48th"]
[Site "Evora"]
[Date "2006.07.23"]
[Round "2"]
[White "Ribeiro, Fernando"]
[Black "Santos, Carlos Pereira Dos"]
[Result "1/2-1/2"]
[WhiteElo "2262"]
[BlackElo "2433"]
[PlyCount "20"]
[EventDate "2006.07.22"]
[EventType "team"]
[EventRounds "9"]
[EventCountry "POR"]
[SourceTitle "CBM 113 Extra"]
[Source "ChessBase"]
[SourceDate "2006.09.14"]
[SourceVersion "1"]
[SourceVersionDate "2006.09.14"]
[SourceQuality "1"]

1. e4 e5 2. Nf3 Nc6 3. Bb5 a6 4. Ba4 Nf6 5. 0-0 b5 6. Bb3 Bb7 7. d3 Bd6 8. c3 0-0 9. a4 h6 10. axb5 axb5 1/2-1/2

[Event "POR-chT"]
[Site "Vila Nova de Gaia"]
[Date "2004.08.06"]
[Round "5.4"]
[White "Diogo, Vasco Andre Marcalo"]
[Black "Santos, Carlos Pereira Dos"]
[Result "0-1"]
[WhiteElo "2109"]
[BlackElo "2416"]
[PlyCount "82"]
[EventDate "2004.08.02"]
[EventType "team"]
[EventRounds "7"]
[EventCountry "POR"]
[SourceTitle "EXT 2005"]
[Source "ChessBase"]
[SourceDate "2004.11.15"]
[SourceVersion "1"]
[SourceVersionDate "2004.11.15"]
[SourceQuality "1"]
[WhiteTeam "08"]
[BlackTeam "01"]
[WhiteTeamCountry "POR"]
[BlackTeamCountry "POR"]

1. e4 e5 2. Nf3 Nc6 3. Bb5 a6 4. Ba4 Nf6 5. d3 b5 6. Bb3 Bd6 7. c3 0-0 8. Bg5 Be7 9. Nbd2 d6 10. 0-0 Nd7 11. Be3 Bb7 12. Rc1 Kh8 13. g4 Qc8 14. h3 Na5 15. Bc2 d5 16. b4 dxe4 17. dxe4 Nc6 18. a4 Nd8 19. Qe2 c6 20. Nb3 Ne6 21. Rfd1 Qc7 22. Na5 Rad8 23. Rd2 Bc8 24. Rb1 f6 25. Bb3 Nb6 26. Rbd1 bxa4 27. Bxe6 Bxe6 28. Qxa6 Rb8 29. Nh4 g6 30. Bc5 Bxc5 31. bxc5 Nd7 32. Qxc6 Qxc6 33. Nxc6 Rbc8 34. Ne7 Rc7 35. c6 Nc5 36. Rd8 Kg7 37. Rxf8 Kxf8 38. Nd5 Rxc6 39. Nxf6 Bb3 40. Nd7+ Nxd7 41. Rxd7 Ra6 0-1

[Event "Vieira de Carvalho Memorial 1st"]
[Site "Maia"]
[Date "2003.06.29"]
[Round "8"]
[White "Santos, Carlos Pereira Dos"]
[Black "Galego, Luis"]
[Result "0-1"]
[WhiteElo "2414"]
[BlackElo "2506"]
[PlyCount "126"]
[EventDate "2003.06.23"]
[EventType "tourn"]
[EventRounds "9"]
[EventCountry "POR"]
[EventCategory "9"]
[SourceTitle "EXT 2004"]
[Source "ChessBase"]
[SourceDate "2003.11.25"]
[SourceVersion "1"]
[SourceVersionDate "2003.11.25"]
[SourceQuality "1"]

1. d4 d6 2. e4 Nf6 3. Nc3 c6 4. f4 d5 5. e5 Ng4 6. Bd3 Nh6 7. Nf3 e6 8. Ne2 c5 9. c3 Nc6 10. 0-0 Nf5 11. g4 Nh4 12. Be3 c4 13. Bc2 h5 14. Nxh4 Qxh4 15. g5 Qg4+ 16. Kf2 Qh4+ 17. Kg2 Qg4+ 18. Kh1 Ne7 19. Qe1 Nf5 20. Qf2 h4 21. Rg1 Qh5 22. g6 Be7 23. h3 fxg6 24. Rg4 Bd7 25. Rag1 0-0-0 26. Kh2 Be8 27. Bd1 Rf8 28. Nc1 Qh8 29. Qd2 g5 30. fxg5 Bh5 31. Bf4 Bxg4 32. Bxg4 g6 33. b3 Kb8 34. bxc4 dxc4 35. Ne2 Rd7 36. Rb1 Bd8 37. Ng1 Qg7 38. Kg2 Qf7 39. Bh2 Ba5 40. Nf3 Rfd8 41. Rf1 Qe7 42. Bxf5 gxf5 43. Qb2 Rd5 44. Bf4 Rg8 45. Kf2 Qd7 46. Rb1 a6 47. Qc2 Rb5 48. Rxb5 axb5 49. Nxh4 Rh8 50. Nf3 Rxh3 51. g6 Rh8 52. Ke3 Rg8 53. Nh4 Qe7 54. Nxf5 exf5 55. Qxf5 Bxc3 56. Qf7 Qd8 57. d5 Qb6+ 58. Kf3 Qxg6 59. e6+ Ka8 60. Qxg6 Rxg6 61. e7 Rg8 62. Ke4 Bf6 63. d6 Re8 0-1

[Event "Vieira de Carvalho Memorial 1st"]
[Site "Maia"]
[Date "2003.06.28"]
[Round "7"]
[White "Fernandes, Antonio ETG"]
[Black "Santos, Carlos Pereira Dos"]
[Result "0-1"]
[WhiteElo "2478"]
[BlackElo "2414"]
[PlyCount "87"]
[EventDate "2003.06.23"]
[EventType "tourn"]
[EventRounds "9"]
[EventCountry "POR"]
[EventCategory "9"]
[SourceTitle "EXT 2004"]
[Source "ChessBase"]
[SourceDate "2003.11.25"]
[SourceVersion "1"]
[SourceVersionDate "2003.11.25"]
[SourceQuality "1"]

1. d4 d5 2. c4 c6 3. Nc3 Nf6 4. Nf3 dxc4 5. a4 Bf5 6. Ne5 e6 7. f3 Bb4 8. e4 Bxe4 9. fxe4 Nxe4 10. Bd2 Qxd4 11. Nxe4 Qxe4+ 12. Qe2 Bxd2+ 13. Kxd2 Qd5+ 14. Ke1 Na6 15. Rd1 Qa5+ 16. Kf2 0-0 17. Qe3 Qxa4 18. Bxc4 Nb4 19. Rd7 Nd5 20. Bxd5 cxd5 21. Rc1 Rac8 22. Rdc7 Rxc7 23. Rxc7 Qb4 24. Qc3 Qb6+ 25. Kf1 d4 26. Qc5 Qxc5 27. Rxc5 f6 28. Nd7 Rd8 29. Rc7 e5 30. Ke1 h5 31. Rxb7 Kh7 32. Nxf6+ Kg6 33. Ne4 h4 34. Kd2 a6 35. Kd3 h3 36. g4 Rf8 37. Rb6+ Kh7 38. Ng5+ Kg8 39. Rxa6 Rb8 40. Ke4 Kf8 41. Kxe5 Rxb2 42. Ne6+ Kg8 43. Ra8+ Kh7 44. Nf8+ 0-1

[Event "Vieira de Carvalho Memorial 1st"]
[Site "Maia"]
[Date "2003.06.24"]
[Round "2"]
[White "Santos, Carlos Pereira Dos"]
[Black "Fernando, Diogo"]
[Result "1/2-1/2"]
[WhiteElo "2414"]
[BlackElo "2438"]
[PlyCount "114"]
[EventDate "2003.06.23"]
[EventType "tourn"]
[EventRounds "9"]
[EventCountry "POR"]
[EventCategory "9"]
[SourceTitle "EXT 2004"]
[Source "ChessBase"]
[SourceDate "2003.11.25"]
[SourceVersion "1"]
[SourceVersionDate "2003.11.25"]
[SourceQuality "1"]

1. d4 Nf6 2. c4 e6 3. Nf3 b6 4. a3 Bb7 5. Nc3 d5 6. cxd5 Nxd5 7. Qc2 Nxc3 8. bxc3 c5 9. e4 Nd7 10. Bd3 Qc7 11. Qb1 Be7 12. 0-0 0-0 13. a4 Rad8 14. a5 bxa5 15. Bf4 Qxf4 16. Qxb7 cxd4 17. cxd4 Bb4 18. Rac1 Nf6 19. Qc7 Bd6 20. Qxa5 Ng4 21. e5 Bxe5 22. Bxh7+ Kxh7 23. dxe5 Rd3 24. h3 Rxf3 25. hxg4 Kg6 26. Rc4 Qxc4 27. gxf3 Rh8 28. Re1 Qf4 29. Qc3 Rh3 30. Re3 Qg5 31. Kg2 Rh4 32. Re1 Qf4 33. Qd3+ Kg5 34. Qe3 Rh2+ 35. Kg1 Qxe3 36. Rxe3 Rh8 37. Kg2 a5 38. Re4 Ra8 39. Ra4 Kh4 40. Kh2 Ra7 41. Kg2 Ra6 42. Kh2 f6 43. exf6 gxf6 44. Kg2 Ra8 45. Kh2 Ra6 46. Kg2 e5 47. Kh2 Ra8 48. Kg2 Ra6 49. Kh2 f5 50. gxf5+ Kg5 51. f4+ exf4 52. f6 Kxf6 53. Rxf4+ Ke5 54. Ra4 Kd5 55. f4 Kc5 56. Kg3 Kb5 57. Ra1 a4 1/2-1/2

[Event "POR-chT1"]
[Site "Lisbon"]
[Date "2003.??.??"]
[Round "2.3"]
[White "Leite Oralova, Catarina"]
[Black "Santos, Carlos Pereira Dos"]
[Result "0-1"]
[WhiteElo "2196"]
[BlackElo "2414"]
[PlyCount "84"]
[EventDate "2003.??.??"]
[EventType "team"]
[EventRounds "9"]
[EventCountry "POR"]
[SourceTitle "EXT 2004"]
[Source "ChessBase"]
[SourceDate "2003.11.25"]
[SourceVersion "1"]
[SourceVersionDate "2003.11.25"]
[SourceQuality "1"]

1. e4 c5 2. c3 b6 3. d4 Bb7 4. Bd3 Nf6 5. Qe2 cxd4 6. cxd4 Nc6 7. Nf3 Nb4 8. Nc3 Nxd3+ 9. Qxd3 Qc8 10. a4 e6 11. Bd2 Bb4 12. e5 Bxc3 13. Qxc3 Ne4 14. Qxc8+ Rxc8 15. Rc1 Rxc1+ 16. Bxc1 Ke7 17. b3 Rc8 18. Ba3+ Ke8 19. Nd2 Rc3 20. Nxe4 Bxe4 21. Kd2 Rxb3 22. Bd6 Rd3+ 23. Ke2 Rxd4 24. a5 bxa5 25. Rc1 Bc6 26. Rb1 f6 27. Rb8+ Kf7 28. Rf8+ Kg6 29. f3 a4 30. Rb8 Rd5 31. f4 fxe5 32. fxe5 a3 33. Rb3 Ra5 34. Rg3+ Kf5 35. Bxa3 Rxe5+ 36. Kd3 g5 37. Bc1 g4 38. h3 h5 39. hxg4+ hxg4 40. Bb2 Re1 41. Bd4 Kf4 42. Bf2 Rf1 0-1

[Event "Batalha dos Mestres 4th"]
[Site "Lisbon"]
[Date "2003.??.??"]
[Round "11"]
[White "Santos, Carlos Pereira Dos"]
[Black "Ulyanovskyy, Viktor"]
[Result "1-0"]
[WhiteElo "2405"]
[BlackElo "2235"]
[PlyCount "105"]
[EventDate "2003.??.??"]
[EventType "tourn"]
[EventRounds "11"]
[EventCountry "POR"]
[EventCategory "1"]
[SourceTitle "EXT 2007"]
[Source "ChessBase"]
[SourceDate "2006.11.23"]
[SourceVersion "1"]
[SourceVersionDate "2006.11.23"]
[SourceQuality "1"]

1. d4 Nf6 2. c4 d6 3. Nc3 Nbd7 4. e4 e5 5. d5 Be7 6. Nge2 0-0 7. Ng3 Re8 8. h4 Bf8 9. Bg5 c6 10. Be2 Qb6 11. Qd2 a6 12. f3 Rb8 13. h5 h6 14. Be3 Qa5 15. Nf5 cxd5 16. Nxd5 Qxd2+ 17. Kxd2 Nxd5 18. cxd5 Nf6 19. g4 Bxf5 20. gxf5 Rbc8 21. Rag1 Kh8 22. Rc1 Be7 23. Rc3 Rxc3 24. bxc3 Rc8 25. Rb1 Rc7 26. Bb6 Rd7 27. Bd1 Bd8 28. Bxd8 Rxd8 29. Rxb7 Kg8 30. Rb6 a5 31. Ra6 Nxh5 32. Rxa5 Nf4 33. Rb5 h5 34. Rb2 Kh7 35. Be2 Kh6 36. Bf1 Ra8 37. Ke3 Kg5 38. Kf2 Rc8 39. Rc2 Rc7 40. a4 Ra7 41. Ra2 Ra5 42. c4 Kf6 43. c5 dxc5 44. d6 g6 45. Rd2 gxf5 46. exf5 Ra8 47. d7 Rd8 48. a5 Kxf5 49. a6 Ne6 50. Bh3+ Kf6 51. Bxe6 Kxe6 52. a7 Ke7 53. Rb2 1-0

[Event "Olympiad-35"]
[Site "Bled"]
[Date "2002.10.31"]
[Round "6.3"]
[White "Santos, Carlos Pereira Dos"]
[Black "Dzhumaev, Marat"]
[Result "0-1"]
[WhiteElo "2420"]
[BlackElo "2495"]
[PlyCount "82"]
[EventDate "2002.10.26"]
[EventType "team-swiss"]
[EventRounds "14"]
[EventCountry "SLO"]
[SourceTitle "EXT 2003"]
[Source "ChessBase"]
[SourceDate "2002.11.25"]
[SourceVersion "1"]
[SourceVersionDate "2002.11.25"]
[SourceQuality "1"]
[WhiteTeam "Portugal"]
[BlackTeam "Uzbekistan"]
[WhiteTeamCountry "POR"]
[BlackTeamCountry "UZB"]

1. d4 f5 2. g3 Nf6 3. Bg2 g6 4. Nf3 Bg7 5. 0-0 0-0 6. c4 d6 7. Nc3 Qe8 8. Re1 Qf7 9. Ng5 Qxc4 10. Qd3 Qxd3 11. exd3 c6 12. Rxe7 h6 13. Ne6 Bxe6 14. Rxe6 d5 15. Bd2 Na6 16. b4 Nc7 17. Re7 Nfe8 18. b5 Bxd4 19. bxc6 bxc6 20. Rc1 Bc5 21. Nxd5 Bxe7 22. Nxe7+ Kh7 23. Rxc6 Rb8 24. Rxg6 Rb1+ 25. Bf1 Rf6 26. Rxf6 Nxf6 27. Nxf5 Ncd5 28. Nxh6 Kg6 29. h4 Rd1 30. Bg5 Nh7 31. Ng4 Nxg5 32. hxg5 Kxg5 33. Kg2 Ra1 34. Ne5 Rxa2 35. Kf3 a5 36. Bh3 Kf6 37. Nc4 a4 38. Ke4 Nc3+ 39. Kd4 Nb1 40. Kc5 a3 41. Kb4 Rb2+ 0-1

[Event "Batalha dos Mestres 3rd"]
[Site "Lisbon"]
[Date "2002.10.22"]
[Round "9.2"]
[White "Santos, Carlos Pereira Dos"]
[Black "Frois, Antonio"]
[Result "1/2-1/2"]
[WhiteElo "2420"]
[BlackElo "2341"]
[PlyCount "52"]
[EventDate "2002.10.13"]
[EventType "tourn"]
[EventRounds "11"]
[EventCountry "POR"]
[EventCategory "1"]
[SourceTitle "EXT 2003"]
[Source "ChessBase"]
[SourceDate "2002.11.25"]
[SourceVersion "1"]
[SourceVersionDate "2002.11.25"]
[SourceQuality "1"]

1. d4 d5 2. c4 e6 3. Nc3 c5 4. cxd5 exd5 5. Nf3 Nc6 6. g3 Nf6 7. Bg2 Be7 8. 0-0 0-0 9. Bg5 cxd4 10. Nxd4 h6 11. Be3 Re8 12. Rc1 Bf8 13. Nxc6 bxc6 14. Bd4 Nh7 15. Na4 Bd7 16. Re1 Ng5 17. Bc5 Bxc5 18. Nxc5 Bg4 19. h4 Nh3+ 20. Bxh3 Bxh3 21. Qd4 Qa5 22. Kh2 Bf5 23. b4 Qxa2 24. Ra1 Qc2 25. Rac1 Qa2 26. Ra1 Qc2 1/2-1/2

[Event "Batalha dos Mestres 3rd"]
[Site "Lisbon"]
[Date "2002.10.18"]
[Round "6.4"]
[White "Pinheiro, Jose"]
[Black "Santos, Carlos Pereira Dos"]
[Result "0-1"]
[WhiteElo "2420"]
[BlackElo "2354"]
[PlyCount "51"]
[EventDate "2002.10.13"]
[EventType "tourn"]
[EventRounds "11"]
[EventCountry "POR"]
[EventCategory "1"]
[SourceTitle "EXT 2003"]
[Source "ChessBase"]
[SourceDate "2002.11.25"]
[SourceVersion "1"]
[SourceVersionDate "2002.11.25"]
[SourceQuality "1"]

1. e4 e5 2. Nf3 Nc6 3. Bc4 Nf6 4. d3 Bc5 5. 0-0 d6 6. a4 a6 7. c3 Ba7 8. Bg5 h6 9. Be3 Ne7 10. Nbd2 Ng6 11. a5 0-0 12. Re1 Bb8 13. h3 c6 14. Bb3 d5 15. Qb1 Bc7 16. Qa2 Be6 17. Qa3 Qd7 18. Qb4 Bxh3 19. gxh3 Qxh3 20. exd5 e4 21. Nxe4 Nxe4 22. Qxe4 Rae8 23. Ng5 Qh2+ 24. Kf1 Rxe4 25. Nxe4 cxd5 26. Bxd5 0-1

[Event "Batalha dos Mestres 3rd"]
[Site "Lisbon"]
[Date "2002.10.17"]
[Round "5.4"]
[White "Santos, Carlos Pereira Dos"]
[Black "Ulyanovskyy, Viktor"]
[Result "1-0"]
[WhiteElo "2420"]
[BlackElo "2221"]
[PlyCount "83"]
[EventDate "2002.10.13"]
[EventType "tourn"]
[EventRounds "11"]
[EventCountry "POR"]
[EventCategory "1"]
[SourceTitle "EXT 2003"]
[Source "ChessBase"]
[SourceDate "2002.11.25"]
[SourceVersion "1"]
[SourceVersionDate "2002.11.25"]
[SourceQuality "1"]

1. d4 c5 2. d5 b5 3. e4 a6 4. a4 b4 5. Nd2 Nf6 6. Bd3 d6 7. Ngf3 g6 8. 0-0 Bg7 9. Nc4 a5 10. Bf4 Ra7 11. h3 0-0 12. Qe2 Nbd7 13. Bh2 Nb6 14. Nfd2 Nfd7 15. Rfe1 Ba6 16. Nxb6 Qxb6 17. Rab1 Bxd3 18. cxd3 b3 19. Ra1 Rb8 20. Nc4 Qc7 21. Ra3 Nb6 22. Rxb3 Nxa4 23. Rxb8+ Qxb8 24. e5 dxe5 25. Nxe5 Qxb2 26. Qg4 Qb4 27. Qc8+ Bf8 28. Kf1 Qb5 29. Nc6 Nb6 30. Qb8 Ra8 31. Nxe7+ Kg7 32. Be5+ f6 33. Bxf6+ Kf7 34. Qd6 Qd7 35. Qxb6 Re8 36. Bg5 Bxe7 37. Rxe7+ Rxe7 38. Qf6+ Ke8 39. Qh8+ Kf7 40. Qxh7+ Kf8 41. Bh6+ Rg7 42. Qh8+ 1-0

[Event "POR-chT"]
[Site "Lisbon"]
[Date "2002.08.11"]
[Round "1.5"]
[White "Santos, Carlos Pereira Dos"]
[Black "Pinho, Paulo Miguel"]
[Result "1-0"]
[WhiteElo "2435"]
[BlackElo "2160"]
[PlyCount "119"]
[EventDate "2002.08.11"]
[EventType "team"]
[EventRounds "9"]
[EventCountry "POR"]
[SourceTitle "EXT 2004"]
[Source "ChessBase"]
[SourceDate "2003.11.25"]
[SourceVersion "1"]
[SourceVersionDate "2003.11.25"]
[SourceQuality "1"]

1. d4 f5 2. g3 Nf6 3. Bg2 g6 4. Nc3 d5 5. Bg5 Be6 6. Nh3 Bf7 7. Qd3 c6 8. f3 Bg7 9. Rd1 Qa5 10. 0-0 0-0 11. b4 Qc7 12. e4 e6 13. Rfe1 h6 14. Bf4 Qc8 15. Nf2 Nbd7 16. Qd2 Kh7 17. g4 Nb6 18. exf5 exf5 19. g5 hxg5 20. Bxg5 Qd7 21. Nd3 Nc4 22. Qf2 Rae8 23. Ne2 Kg8 24. Qh4 Nh7 25. Bh6 Qe7 26. Qxe7 Rxe7 27. Bxg7 Kxg7 28. Nec1 Rfe8 29. Rxe7 Rxe7 30. Kf2 g5 31. Re1 Rxe1 32. Nxe1 Kf6 33. Ned3 Nf8 34. f4 Ne6 35. Ne2 Bh5 36. Bf3 Bxf3 37. Kxf3 Na3 38. c3 Nb1 39. Ke3 Nc7 40. Nc5 b6 41. Nd7+ Ke6 42. Ne5 gxf4+ 43. Kxf4 Nb5 44. Nxc6 N1xc3 45. Nxc3 Nxc3 46. h4 Nxa2 47. h5 Nc3 48. h6 Kf6 49. h7 Kg7 50. Kxf5 a5 51. Nxa5 Kxh7 52. Nc6 Kg7 53. Ke5 Kf7 54. Na7 Ke7 55. Nc8+ Kd7 56. Nxb6+ Kc6 57. Nxd5 Na2 58. Ke4 Kb5 59. Kd3 Nxb4+ 60. Nxb4 1-0

[Event "POR-ch"]
[Site "Lisbon"]
[Date "2002.??.??"]
[Round "2"]
[White "Coimbra, Margarida Goncalves"]
[Black "Santos, Carlos Pereira Dos"]
[Result "0-1"]
[WhiteElo "2080"]
[BlackElo "2442"]
[PlyCount "70"]
[EventDate "2002.??.??"]
[EventType "swiss"]
[EventRounds "9"]
[EventCountry "POR"]
[SourceTitle "EXT 2003"]
[Source "ChessBase"]
[SourceDate "2002.11.25"]
[SourceVersion "1"]
[SourceVersionDate "2002.11.25"]
[SourceQuality "1"]

1. e4 c5 2. Nc3 Nc6 3. g3 g6 4. Bg2 Bg7 5. d3 d6 6. Be3 Rb8 7. Qd2 b5 8. Nge2 Nd4 9. 0-0 b4 10. Nd1 e6 11. Nc1 Ne7 12. c3 bxc3 13. bxc3 Ndc6 14. Bh6 0-0 15. Bxg7 Kxg7 16. Ne2 Ba6 17. f4 f5 18. Nf2 Qb6 19. Rfc1 fxe4 20. Bxe4 d5 21. Bg2 Nf5 22. Nd1 Bxd3 23. Kh1 c4 24. Ng1 e5 25. Nf2 e4 26. Nxd3 cxd3 27. c4 Qb4 28. Qxb4 Nxb4 29. cxd5 e3 30. Be4 Nd6 31. Bf3 Nc2 32. Rab1 d2 33. Rd1 Nd4 34. Rxb8 Rxb8 35. Kg2 Nc4 0-1

[Event "POR-ch"]
[Site "Lisbon"]
[Date "2002.??.??"]
[Round "4"]
[White "Dias, Paulo Jorge Guimara"]
[Black "Santos, Carlos Pereira Dos"]
[Result "1/2-1/2"]
[WhiteElo "2330"]
[BlackElo "2442"]
[PlyCount "50"]
[EventDate "2002.??.??"]
[EventType "swiss"]
[EventRounds "9"]
[EventCountry "POR"]
[SourceTitle "EXT 2003"]
[Source "ChessBase"]
[SourceDate "2002.11.25"]
[SourceVersion "1"]
[SourceVersionDate "2002.11.25"]
[SourceQuality "1"]

1. d4 d5 2. c4 c6 3. Nc3 Nf6 4. Nf3 dxc4 5. a4 Bf5 6. Ne5 Nbd7 7. Nxc4 Nb6 8. Ne5 a5 9. g3 e6 10. Bg2 Bb4 11. 0-0 0-0 12. Re1 Ne4 13. Nxe4 Bxe4 14. Rf1 Bxg2 15. Kxg2 Qd5+ 16. f3 c5 17. dxc5 Qxe5 18. cxb6 Rfd8 19. Qc2 Rac8 20. Qe4 Qxe4 21. fxe4 Bc5 22. Bf4 Bxb6 23. Rac1 Kf8 24. Rxc8 Rxc8 25. Rc1 Rxc1 1/2-1/2

[Event "EU-Cup 17th"]
[Site "Panormo"]
[Date "2001.09.27"]
[Round "5.5"]
[White "Slovineanu, Viacheslav"]
[Black "Santos, Carlos Pereira Dos"]
[Result "0-1"]
[WhiteElo "2406"]
[BlackElo "2423"]
[PlyCount "34"]
[EventDate "2001.09.22"]
[EventType "team-swiss"]
[EventRounds "7"]
[EventCountry "GRE"]
[SourceTitle "EXT 2020"]
[Source "ChessBase"]
[SourceDate "2019.10.17"]
[SourceVersion "1"]
[SourceVersionDate "2019.10.17"]
[SourceQuality "1"]
[WhiteTeam "Chisinau"]
[BlackTeam "Porto Boavista"]
[WhiteTeamCountry "MDA"]
[BlackTeamCountry "POR"]

1. e4 e5 2. Nf3 Nc6 3. Nc3 g6 4. d4 exd4 5. Nxd4 Bg7 6. Be3 Nf6 7. Qd2 0-0 8. 0-0-0 Re8 9. f3 d5 10. Bb5 Bd7 11. exd5 Nxd4 12. Bxd4 Bxb5 13. Nxb5 Qxd5 14. Nxc7 Qxa2 15. c3 Rec8 16. Nxa8 Nd5 17. Bxg7 Qa1+ 0-1

[Event "EU-Cup 17th"]
[Site "Panormo"]
[Date "2001.09.26"]
[Round "4.5"]
[White "Santos, Carlos Pereira Dos"]
[Black "Jedynak, Radoslaw"]
[Result "1/2-1/2"]
[WhiteElo "2423"]
[BlackElo "2347"]
[PlyCount "61"]
[EventDate "2001.09.22"]
[EventType "team-swiss"]
[EventRounds "7"]
[EventCountry "GRE"]
[SourceTitle "EXT 2020"]
[Source "ChessBase"]
[SourceDate "2019.10.17"]
[SourceVersion "1"]
[SourceVersionDate "2019.10.17"]
[SourceQuality "1"]
[WhiteTeam "Porto Boavista"]
[BlackTeam "Plock"]
[WhiteTeamCountry "POR"]
[BlackTeamCountry "POL"]

1. d4 e6 2. Nf3 Nf6 3. c4 c5 4. d5 exd5 5. cxd5 d6 6. Nc3 g6 7. Bf4 Bg7 8. Qa4+ Qd7 9. Bxd6 Qxa4 10. Nxa4 Nxd5 11. 0-0-0 Nb4 12. a3 N4a6 13. e3 Be6 14. Ng5 Bb3 15. Bb5+ Nc6 16. Rd2 0-0-0 17. Bxa6 Bxa4 18. Bc4 Na5 19. Bxf7 Nb3+ 20. Bxb3 Bxb3 21. Ne4 b6 22. Bg3 Kb7 23. Bh4 Rd5 24. Re1 Kc6 25. f4 Re8 26. Nf2 Rxd2 27. Kxd2 c4 28. Rb1 Ba2 29. Ra1 Bb3 30. Rb1 Ba2 31. Ra1 1/2-1/2

[Event "POR Cup sf"]
[Site "Porto"]
[Date "2001.09.15"]
[Round "1.2"]
[White "Santos, Carlos Pereira Dos"]
[Black "Leonardo, Joao Paulo L"]
[Result "1-0"]
[WhiteElo "2423"]
[BlackElo "2237"]
[PlyCount "43"]
[EventDate "2001.09.17"]
[EventType "team"]
[EventRounds "1"]
[EventCountry "POR"]
[SourceTitle "EXT 2002"]
[Source "ChessBase"]
[SourceDate "2001.11.25"]
[SourceVersion "1"]
[SourceVersionDate "2001.11.25"]
[SourceQuality "1"]

1. d4 d6 2. e4 Nf6 3. Nc3 g6 4. f4 Bg7 5. Nf3 0-0 6. e5 Ne8 7. Be3 c5 8. dxc5 Nc6 9. Bb5 Bg4 10. 0-0 Rc8 11. Bxc6 bxc6 12. cxd6 exd6 13. Ne4 d5 14. Nf2 Bxf3 15. Qxf3 Qa5 16. Nd3 Nc7 17. f5 Rfe8 18. Kh1 Qa4 19. c3 a5 20. Bd4 Nb5 21. fxg6 fxg6 22. b3 1-0

[Event "Lisbon op"]
[Site "Lisbon"]
[Date "2001.08.25"]
[Round "5"]
[White "Santos, Carlos Pereira Dos"]
[Black "Pina, Vladimiro"]
[Result "1-0"]
[WhiteElo "2423"]
[BlackElo "2167"]
[PlyCount "75"]
[EventDate "2001.08.21"]
[EventType "swiss"]
[EventRounds "9"]
[EventCountry "POR"]
[SourceTitle "EXT 2002"]
[Source "ChessBase"]
[SourceDate "2001.11.25"]
[SourceVersion "1"]
[SourceVersionDate "2001.11.25"]
[SourceQuality "1"]

1. d4 d5 2. c4 c6 3. Nf3 Nf6 4. Nc3 e6 5. Bg5 dxc4 6. a4 Qb6 7. Qc1 Bb4 8. Bxf6 gxf6 9. e3 Rg8 10. Nd2 Qd8 11. Nxc4 b6 12. Qc2 Rg7 13. Be2 Ba6 14. 0-0 Kf8 15. Na2 Be7 16. Bf3 Nd7 17. Rfd1 Rc8 18. b4 Rc7 19. Qb3 Bb7 20. Rac1 Qa8 21. e4 Rc8 22. Nc3 Kg8 23. g3 Nf8 24. a5 b5 25. Ne3 a6 26. Bg2 Rd8 27. Ne2 Kh8 28. Nf4 Qa7 29. d5 c5 30. bxc5 Bxc5 31. dxe6 Rxd1+ 32. Rxd1 fxe6 33. Nxe6 Rg8 34. Nxc5 Qxc5 35. Qf7 Rg7 36. Qxf6 Qe7 37. Qd4 Qd7 38. Qa1 1-0

[Event "Lisbon op"]
[Site "Lisbon"]
[Date "2001.08.23"]
[Round "3"]
[White "Santos, Carlos Pereira Dos"]
[Black "Gonzalez Gil, Elias"]
[Result "1-0"]
[WhiteElo "2423"]
[BlackElo "2101"]
[PlyCount "79"]
[EventDate "2001.08.21"]
[EventType "swiss"]
[EventRounds "9"]
[EventCountry "POR"]
[SourceTitle "EXT 2002"]
[Source "ChessBase"]
[SourceDate "2001.11.25"]
[SourceVersion "1"]
[SourceVersionDate "2001.11.25"]
[SourceQuality "1"]

1. d4 Nf6 2. c4 c5 3. d5 b5 4. cxb5 a6 5. bxa6 d6 6. Nc3 g6 7. Nf3 Bg7 8. a4 Qb6 9. a5 Qa7 10. e4 0-0 11. Be2 Nbd7 12. 0-0 Rb8 13. Re1 Ng4 14. h3 Nge5 15. Nxe5 Bxe5 16. f4 Bd4+ 17. Kh2 Nf6 18. Bc4 Qc7 19. Qd3 Rb4 20. Ra2 e6 21. b3 Qe7 22. Bd2 e5 23. Ne2 Rb8 24. Nxd4 cxd4 25. fxe5 Qxe5+ 26. Qg3 Qxg3+ 27. Kxg3 Re8 28. Kf4 g5+ 29. Kf3 h6 30. Ra4 Nd7 31. Rb4 Ne5+ 32. Kf2 Rxb4 33. Bxb4 Rd8 34. Rd1 Kf8 35. Rxd4 Ke7 36. Be2 Bb7 37. Ba3 Rc8 38. Rb4 Rc7 39. Rb6 Rd7 40. Bxd6+ 1-0